Endogenous verifiability and optimality in agency: a non-contingent approach

Guardat en:
Dades bibliogràfiques
Autors principals: Costilla, Roy (Autor), Willington, Manuel (Autor)
Format: Llibre
Idioma:anglès
Publicat: Santiago Universidad Alberto Hurtado 2007
Col·lecció:Serie Documentos de Investigación, I-189
Matèries:
Etiquetes: Afegir etiqueta
Sense etiquetes, Sigues el primer a etiquetar aquest registre!

MARC

LEADER 00000nam a2200000 a 4500
001 UCI4353
003 CL-VaPUC
008 080111e20070900CL |||||||||||||||||eng|d
082 0 4 |a 658.18  |b COS  |2 21 
100 0 |a Costilla, Roy  |e author  |9 526190 
700 0 |a Willington, Manuel  |e author  |9 526191 
245 1 0 |a Endogenous verifiability and optimality in agency: a non-contingent approach 
300 |a 31 p 
942 |c BK 
945 |d 20080111 00:00:00  |a jtorresc 
260 |a Santiago  |b Universidad Alberto Hurtado  |c 2007 
650 7 |a EMPRESAS TRANSNACIONALES  |2 CL-VaPUC  |9 341813 
650 0 |a Ciencia y tecnología  |9 260585 
650 0 |a Desarrollo económico y social   |9 256320 
583 |a last modification  |c 20080111 00:00:00  |k Rodrigo Vera 
490 0 |a Serie Documentos de Investigación, I-189 
999 |c 328300  |d 328298 
952 |0 0  |1 0  |4 0  |6 658_180000000000000_COS_2007  |7 0  |8 A  |9 412138  |a BIBGIM  |b BIBGIM  |d 2019-11-22  |i 4399730  |o 658.18 COS 2007  |p 4399730  |r 2025-01-15  |w 2019-11-22  |y BK  |k GIM